000
00306nam a22001457a 4500
003
SGT
082
_a
618.92
_b
I16P
100
_a
PARTHASARATHY, A.
245
_a
IAP TB. OF PEDIATRICS
250
_a
6TH
260
_a
INDIA
_b
JAYPEE
_c
2016
300
_a
1369
650
_a
PEDIATRICS
942
_2
ddc
_c
BK
_0
4
999
_c
10582
_d
10582